| 000 | 00521nam a22001937a 4500 | ||
|---|---|---|---|
| 003 | OSt | ||
| 005 | 20140310182428.0 | ||
| 008 | 131024b xxu||||| |||| 00| 0 eng d | ||
| 020 | _a0858352788 | ||
| 020 | _a9780858352780 | ||
| 050 |
_aGN 24 _b.W927 1995 |
||
| 082 |
_aHS 500 _bW89-m 1992 |
||
| 245 | _aThe world of man / | ||
| 260 |
_aSingapore : _bRegency Publishing Group Pty Ltd., _c1995. |
||
| 300 |
_a40 p. : _bcol. ill. ; _c24 cm. |
||
| 650 |
_aAnthropology _xWorld of Man |
||
| 942 |
_2lcc _cBK |
||
| 999 |
_c13306 _d13306 |
||